Comparison of the value added development in the agricultural and food sectors and the efficiency of its creation

Výsledky skúmania vývoja pridanej hodnoty v poľnohospodárstve a potravinárstve a náročnosti jej tvorby. Podiel slovenského pôdohospodárstva na národohospodárskej pridanej hodnote v prospech trhových služieb. Tendencie znižovania účasti poľnohospodárstva na pridanej hodnote boli a sú charakteristické...

Descrizione completa

Salvato in:
Dettagli Bibliografici
Autore principale: Ševčíková, Mária
Natura: Capitolo di libro
Lingua:inglese
Soggetti:
Tags: Aggiungi Tag
Nessun Tag, puoi essere il primo ad aggiungerne!!

MARC

LEADER 00000naa a2200000 4500
001 r048248
005 20240717104344.0
041 0 |a eng 
044 |a CZ 
245 1 0 |a Comparison of the value added development in the agricultural and food sectors and the efficiency of its creation  |c Mária Ševčíková 
520 |a Výsledky skúmania vývoja pridanej hodnoty v poľnohospodárstve a potravinárstve a náročnosti jej tvorby. Podiel slovenského pôdohospodárstva na národohospodárskej pridanej hodnote v prospech trhových služieb. Tendencie znižovania účasti poľnohospodárstva na pridanej hodnote boli a sú charakteristické aj pre krajiny EÚ a zoskupenia CEFTA. 
610 2 0 |a hospodárstvo národné 
610 2 0 |a poľnohospodárstvo 
610 2 0 |a potravinárstvo 
610 2 0 |a výroba 
610 2 0 |a hodnota pridaná ekonomická 
610 2 0 |a medzispotreba 
610 2 0 |a majetok investičný 
610 2 0 |a Slovensko 
610 2 0 |a 1993-2000 
100 1 |a Ševčíková, Mária